Personnel and human resource management / (Record no. 757)

000 -LEADER
fixed length control field 00812nam a22002177a 4500
003 - CONTROL NUMBER IDENTIFIER
control field OSt
005 - DATE AND TIME OF LATEST TRANSACTION
control field 20140116120837.0
008 - FIXED-LENGTH DATA ELEMENTS--GENERAL INFORMATION
fixed length control field 111028t xxu||||| |||| 00| 0 eng d
020 ## - INTERNATIONAL STANDARD BOOK NUMBER
International Standard Book Number 9780826461285
040 ## - CATALOGING SOURCE
Language of cataloging English
050 ## - LIBRARY OF CONGRESS CALL NUMBER
Classification number HF5549.C65 2002
100 ## - MAIN ENTRY--PERSONAL NAME
Personal name Cole, G. A.
245 ## - TITLE STATEMENT
Title Personnel and human resource management /
Statement of responsibility, etc G. A. Cole .
250 ## - EDITION STATEMENT
Edition statement 5th ed.
260 ## - PUBLICATION, DISTRIBUTION, ETC. (IMPRINT)
Place of publication, distribution, etc Cheriton house :
Name of publisher, distributor, etc Cengage Learning ,
Date of publication, distribution, etc 2002 .
300 ## - PHYSICAL DESCRIPTION
Extent xvii, 506 p. :
Other physical details ill.
504 ## - BIBLIOGRAPHY, ETC. NOTE
Bibliography, etc Includes bibliographical references and index .
505 ## - FORMATTED CONTENTS NOTE
Formatted contents note The scope of personnel and human resource-- The organizational context-- Planning the organization's human resources-- Conditions of employment-- Employee training and development-- Employee relations
650 ## - SUBJECT ADDED ENTRY--TOPICAL TERM
Topical term or geographic name as entry element Personnel management.
942 ## - ADDED ENTRY ELEMENTS (KOHA)
Source of classification or shelving scheme
Koha item type Book
Holdings
Withdrawn status Lost status Source of classification or shelving scheme Damaged status Not for loan Home library Current library Date acquired Source of acquisition Total Checkouts Total Renewals Full call number Barcode Date last seen Date checked out Copy number Price effective from Koha item type Shelving location Checked out
          Riara University Library Riara University Library 28/10/2011 Purchase 23 4 HF5549.C65 2002 1486/11 06/02/2025 11/10/2024 C.1 28/10/2011 Book on Shortloan    
          Riara University Library Riara University Library 28/10/2011 Purchase 24 2 HF5549.C65 2002 1487/11 13/12/2016 13/12/2016 C.2 28/10/2011 Book    
          Riara University Library Riara University Library 28/10/2011 Purchase 8 2 HF5549.C65 2002 1485/11 06/11/2014 06/11/2014 C.3 28/10/2011 Book on Shortloan Short Loan 22/11/2014

Riara University Library,
P.O. Box 49940-00100,
Nairobi, Kenya.